[Event "AUTO-OPEN-4097"]
[Site "http://www.queenalice.com/game.php?id=1584928"]
[Date "2019.9.28"]
[Round "1"]
[White "Brianb68"]
[Black "ArmandoFerreira"]
[Result "0-1"]
[WhiteElo "1834"]
[BlackElo "2695"]

1. Nf3 e6 2. d4 c5 3. e4 cxd4 4. Nxd4 Nc6 5. Nxc6 bxc6 6. Bd3 d5 7. O-O Nf6 8.
e5 Nd7 9. Bf4 g5 10. Bg3 h5 11. h3 g4 12. Nd2 gxh3 13. gxh3 h4 14. Bh2 Nxe5 15.
Kh1 Nxd3 16. cxd3 Qf6 17. f4 Qf5 18. Qf3 Ba6 19. Rfe1 Bb4 20. Red1 Bxd3 0-1

[Event "AUTO-OPEN-4097"]
[Site "http://www.queenalice.com/game.php?id=1584929"]
[Date "2019.9.28"]
[Round "1"]
[White "ArmandoFerreira"]
[Black "Brianb68"]
[Result "1-0"]
[WhiteElo "2680"]
[BlackElo "1792"]

1. d4 d5 2. c4 Nf6 3. cxd5 Nxd5 4. Nf3 Bf5 5. Nbd2 Nf6 6. g3 e6 7. Bg2 Bd6 8.
Ne5 c6 9. e4 Bg6 10. Nxg6 fxg6 11. e5 Bxe5 12. dxe5 Nd5 13. Qg4 Qe7 14. Bh3 O-O
15. Qxe6+ Qxe6 16. Bxe6+ 1-0

[Event "Challenge"]
[Site "http://www.queenalice.com/game.php?id=1587947"]
[Date "2019.10.26"]
[Round "-"]
[White "WLAO"]
[Black "Brianb68"]
[Result "0-1"]
[WhiteElo "1650"]
[BlackElo "1826"]

1. e4 c5 2. Bc4 e6 3. e5 Nc6 4. Nf3 f6 5. exf6 Nxf6 6. d3 d5 7. Bb5 Qa5+ 8. Nc3
d4 9. Bxc6+ bxc6 10. O-O dxc3 11. bxc3 Qxc3 12. Bd2 Qa3 13. Ne5 Bd6 14. Nxc6 Qa4
15. Qf3 Bb7 16. Qh3 Qxc6 17. Qxe6+ Kf8 18. Bg5 Qxg2# 0-1

[Event "AUTO-INT-3465"]
[Site "http://www.queenalice.com/game.php?id=1592819"]
[Date "2019.12.12"]
[Round "2"]
[White "Brianb68"]
[Black "tche_elvio"]
[Result "1-0"]
[WhiteElo "1892"]
[BlackElo "1609"]

1. Nf3 c5 2. c4 Nc6 3. Nc3 g6 4. e3 Bg7 5. Be2 d6 6. O-O Nf6 7. d4 O-O 8. d5 Ne5
9. Nxe5 dxe5 10. e4 e6 11. Bg5 a6 12. a4 h6 13. Be3 b5 14. axb5 exd5 15. cxd5
Bb7 16. bxa6 Bxa6 17. Bxa6 Qb6 18. Bb5 Rxa1 19. Qxa1 Ng4 20. Re1 Nxe3 21. Rxe3
Kh7 22. h3 f5 23. Qa6 Qxa6 24. Bxa6 Rb8 25. Re2 f4 26. f3 g5 27. d6 Bf6 28. d7
Rb6 29. Bc8 Rd6 30. Nd5 Rc6 31. Nxf6+ Rxf6 32. d8=Q Kg7 33. Bf5 1-0

[Event "AUTO-INT-3465"]
[Site "http://www.queenalice.com/game.php?id=1592820"]
[Date "2019.12.12"]
[Round "2"]
[White "tche_elvio"]
[Black "Brianb68"]
[Result "0-1"]
[WhiteElo "1628"]
[BlackElo "1886"]

1. d4 d5 2. c4 Nf6 3. Nc3 e6 4. Bg5 Be7 5. e3 O-O 6. c5 Nc6 7. g3 a6 8. Bg2 h6
9. Bxf6 Bxf6 10. Nge2 Bd7 11. O-O b5 12. a3 Re8 13. b4 Qb8 14. h4 a5 15. Na2
axb4 16. Nxb4 Qb7 17. Nxc6 Bxc6 18. Nc3 Ra7 19. Qc2 Rea8 20. a4 b4 21. Nb5 Bxb5
22. axb5 Rxa1 23. Rxa1 Rxa1+ 24. Bf1 Qxb5 0-1

[Event "AUTO-INT-3465"]
[Site "http://www.queenalice.com/game.php?id=1592821"]
[Date "2019.12.12"]
[Round "2"]
[White "Brianb68"]
[Black "byyonico"]
[Result "1-0"]
[WhiteElo "1914"]
[BlackElo "1662"]

1. Nf3 Nc6 2. d4 d5 3. e3 Nf6 4. Bb5 Bd7 5. O-O e6 6. Nc3 Be7 7. Bd2 O-O 8. a3
a6 9. Bd3 Bd6 10. h3 b5 11. b4 Ne7 12. e4 dxe4 13. Nxe4 Nxe4 14. Bxe4 c6 15. Qe2
Nf5 16. Bxf5 exf5 17. Rfe1 f4 18. Qd3 Be6 19. c3 Bc4 20. Qc2 f5 21. Ne5 Bd5 22.
Bxf4 Qh4 23. Bg3 Qh5 24. Nd7 Rf7 25. Nb6 Rb8 26. Bxd6 Rbf8 27. Bxf8 Rxf8 28.
Nxd5 Qg5 29. Ne7+ Kh8 30. Nxc6 h6 31. Re5 Qf6 32. Na5 g6 33. Rae1 Rf7 34. Re6
Qg7 35. Rxa6 Ra7 36. Rae6 h5 37. Qd3 Kh7 38. Qxb5 Rf7 39. Qc5 Kh8 40. Qe5 Qxe5
41. R6xe5 Kg7 42. Re7 h4 43. Rxf7+ Kxf7 44. d5 g5 45. d6 f4 46. d7 Kf6 47. d8=Q+
Kg6 48. b5 Kf7 49. Qd6 Kg7 50. Re7+ 1-0

[Event "AUTO-INT-3465"]
[Site "http://www.queenalice.com/game.php?id=1592822"]
[Date "2019.12.12"]
[Round "2"]
[White "byyonico"]
[Black "Brianb68"]
[Result "0-1"]
[WhiteElo "1668"]
[BlackElo "1908"]

1. c4 c5 2. Nc3 Nc6 3. Nf3 Nf6 4. g3 d6 5. Nd5 Nxd5 6. cxd5 Nb4 7. e4 Bg4 8. Bg2
Nd3+ 9. Ke2 Ne5 10. Qa4+ Bd7 11. Qb3 Nxf3 12. Bxf3 b5 13. d3 g6 14. Qc3 f6 15.
a3 Bg7 16. Qc2 O-O 17. Bg2 Rc8 18. Bd2 Qb6 19. Rhe1 c4 20. Qb1 e5 21. Be3 Qc7
22. Qc2 cxd3+ 23. Qxd3 Qb7 24. Rac1 b4 25. Kf1 Bb5 26. Rcd1 Bxd3+ 27. Rxd3 Qb5
28. Rd1 Rc2 29. Bh3 Rxb2 30. Be6+ Kh8 31. axb4 Rxb4 32. f3 Ra8 33. Ke2 a5 34.
Bd2 Rb3 35. Bc1 Rxd3 36. Rxd3 a4 37. Ba3 Bf8 38. Bg4 Ra7 39. Kd2 Qb6 40. h4 Qf2+
41. Kc3 Qe1+ 42. Rd2 Bh6 43. Bxd6 Qxd2+ 44. Kc4 Qd4+ 45. Kb5 Be3 46. Bd7 Rxd7
47. Kc6 Qa7 48. g4 Qb7# 0-1

[Event "AUTO-INT-3462"]
[Site "http://www.queenalice.com/game.php?id=1603607"]
[Date "2020.3.22"]
[Round "2"]
[White "Nuzzera"]
[Black "Brianb68"]
[Result "0-1"]
[WhiteElo "1605"]
[BlackElo "1900"]

1. e3 d5 2. Qf3 Nf6 3. Nh3 e5 4. Ng5 Be7 5. Qg3 Qd6 6. Nc3 O-O 7. h4 e4 8. Qxd6
Bxd6 9. h5 h6 10. Nh3 Be6 11. d3 Nc6 12. d4 a6 13. Be2 Bb4 14. O-O Bxh3 15. gxh3
Rad8 16. a3 Be7 17. f3 Nxh5 18. fxe4 Ng3 19. Rf3 Nxe2+ 20. Nxe2 dxe4 21. Rf4 f5
22. Ng3 g6 23. c4 Bd6 24. Rh4 Bxg3 25. Rxh6 Kg7 26. Kg2 Kxh6 27. Kxg3 Na5 28. c5
Nb3 29. Rb1 b5 30. cxb6 cxb6 31. h4 g5 32. Bd2 Nxd2 33. Rc1 Rc8 34. Rd1 Nf3 35.
hxg5+ Nxg5 36. Kf4 Ne6+ 37. Ke5 Ng5 38. Rh1+ Kg6 39. b4 Rc3 40. Kf4 Nf3 41. a4
Rc4 42. Rb1 Rfc8 43. Kg3 Rc3 44. Kf4 Rd3 45. a5 b5 46. Rb2 Kf6 47. Rb1 Rcc3 48.
Rh1 Ke6 49. Rh6+ Kd5 50. Rh5 Rxe3 51. Kxf5 Kxd4 52. Kf4 Rc4 53. Rh6 Rb3 54. Rxa6
Rbxb4 55. Re6 Kc3 56. a6 Ra4 57. Ke3 Nd2 58. Rb6 b4 59. Rd6 Nf1+ 60. Ke2 Ra1 61.
Rf6 Kd4 62. Rxf1 Rxf1 63. Kxf1 Rc2 64. Ke1 b3 65. Kd1 Kc3 66. Ke1 b2 0-1

[Event "AUTO-INT-3462"]
[Site "http://www.queenalice.com/game.php?id=1603608"]
[Date "2020.3.22"]
[Round "2"]
[White "Brianb68"]
[Black "Nuzzera"]
[Result "1-0"]
[WhiteElo "1912"]
[BlackElo "1636"]

1. Nf3 e6 2. d4 c5 3. c4 Nc6 4. Nc3 cxd4 5. Nxd4 Bb4 6. a3 Qa5 7. Qd3 Bxc3+ 8.
bxc3 Ne5 9. Qg3 Ng4 10. Bd2 N8f6 11. h3 Nh5 12. Qxg4 e5 13. Nb5 g6 14. Nd6+ Kf8
15. Qf3 f5 16. Qd5 Qxd5 17. cxd5 f4 18. e4 fxe3 19. Bxe3 Ke7 20. Ne4 d6 21. Bd3
Bf5 22. O-O b6 23. Bg5+ Kd7 24. Bb5+ Kc7 25. Nd2 a6 26. Bc6 b5 27. Bxa8 Rxa8 28.
g4 Bd3 29. Rfe1 Ng7 30. f4 exf4 31. Re7+ Kb6 32. Rxg7 Rf8 33. Nf3 Be4 34. Rf1
Bxd5 35. Rxh7 Ka5 36. Be7 Re8 37. Bxd6 Re3 38. Ng5 f3 39. Bc5 Rxc3 40. Bb4+ Ka4
41. Bxc3 Kxa3 42. Nxf3 b4 43. Bd4 a5 44. Ne5 b3 45. Ra1+ Kb4 46. Rc7 a4 47. Nd3+
Ka5 48. Rc5+ Ka6 49. Rxd5 g5 50. Rxa4+ Kb7 51. Rc5 b2 52. Rb4+ Ka6 53. Rxb2 Ka7
54. Ra5# 1-0

[Event "AUTO-INT-3462"]
[Site "http://www.queenalice.com/game.php?id=1603611"]
[Date "2020.3.22"]
[Round "2"]
[White "Brianb68"]
[Black "mitsho"]
[Result "0-1"]
[WhiteElo "1939"]
[BlackElo "1663"]

1. Nf3 d5 2. d4 Nc6 3. c4 Nf6 4. Nc3 e6 5. Bg5 Be7 6. e3 O-O 7. cxd5 exd5 8. Bd3
Nb4 9. Bb1 Qd6 10. O-O c5 11. a3 Nc6 12. Qc2 g6 13. Rd1 c4 14. b4 cxb3 15. Qxb3
Na5 16. Qb5 Nc4 17. Bd3 a6 18. Qb3 b5 19. e4 dxe4 20. Bxe4 Ra7 21. Bd3 Be6 22.
Bxc4 Bxc4 23. Qc2 Ng4 24. Bxe7 Rxe7 25. h3 Nf6 26. Ne5 Rc8 27. Qc1 Nd5 28. Nxd5
Qxd5 29. Nxc4 Rxc4 30. Qb2 Re4 31. Rac1 Rexd4 32. Rxd4 Qxd4 33. Qxd4 Rxd4 34. f3
f5 35. Rc3 a5 36. Kh2 b4 37. axb4 axb4 38. Rb3 Kf7 39. Kg1 Ke6 40. Kf2 Kd5 41.
Re3 Kc4 0-1

[Event "AUTO-INT-3462"]
[Site "http://www.queenalice.com/game.php?id=1603612"]
[Date "2020.3.22"]
[Round "2"]
[White "mitsho"]
[Black "Brianb68"]
[Result "0-1"]
[WhiteElo "1672"]
[BlackElo "1933"]

1. d4 d5 2. Nf3 Nf6 3. e3 Bg4 4. Be2 e6 5. O-O Bd6 6. Nc3 O-O 7. Ne5 Bxe2 8.
Nxe2 Nbd7 9. f4 c5 10. b3 Ne4 11. Bb2 Ndf6 12. f5 Rc8 13. fxe6 fxe6 14. Nf4 Qe8
15. c4 cxd4 16. Bxd4 b6 17. Rf3 dxc4 18. Nxc4 Bc5 19. Nh5 Qxh5 0-1

[Event "AUTO-INT-3463"]
[Site "http://www.queenalice.com/game.php?id=1606541"]
[Date "2020.4.8"]
[Round "2"]
[White "Brianb68"]
[Black "schuch97"]
[Result "1-0"]
[WhiteElo "1913"]
[BlackElo "1933"]

1. Nf3 Nc6 2. d4 d5 3. c4 dxc4 4. Nc3 e6 5. a3 Nf6 6. e4 b5 7. e5 Nd5 8. Nxb5
Ba6 9. Nc3 Nb6 10. Be2 Na5 11. O-O c6 12. Be3 Nd5 13. Bd2 Nb3 14. Rb1 Rb8 15.
Qc2 Nxd2 16. Qxd2 Be7 17. b4 Nb6 18. Rfd1 Bb7 19. Qa2 Ba6 20. Qc2 O-O 21. Qe4
Nd5 22. Rbc1 f5 23. Qc2 Nf4 24. Qa4 Qb6 25. Qc2 Bb5 26. Qd2 Nxe2+ 27. Qxe2 a5
28. a4 axb4 29. axb5 bxc3 30. Qxc4 Qxb5 31. Qxc3 Rfc8 32. Qc2 Qd5 33. h3 g5 34.
Qd2 Kf7 35. Nxg5+ Bxg5 36. Qxg5 Rg8 37. Qf6+ Ke8 38. g3 Rb3 39. Qh4 Qf3 40. Ra1
Ra3 41. Rxa3 Qxa3 42. Rb1 Qa7 43. Qf6 Kd7 44. Qf7+ 1-0

[Event "AUTO-INT-3463"]
[Site "http://www.queenalice.com/game.php?id=1606542"]
[Date "2020.4.8"]
[Round "2"]
[White "schuch97"]
[Black "Brianb68"]
[Result "0-1"]
[WhiteElo "1916"]
[BlackElo "1912"]

1. e4 c5 2. Nf3 Nc6 3. d4 cxd4 4. Nxd4 Nf6 5. Nc3 a6 6. Bc4 e6 7. Bd2 Bb4 8. a3
Bxc3 9. Bxc3 O-O 10. Nxc6 bxc6 11. Qf3 d5 12. exd5 cxd5 13. O-O Qc7 14. Bxf6
gxf6 15. Bd3 f5 16. Rfe1 Kh8 17. Qh5 Bb7 18. Re3 Rg8 19. Rh3 Rg7 20. Qh6 Rag8
21. Qf6 Qd8 22. Qxd8 Rxd8 23. Rc1 f4 24. f3 Rdg8 25. Kf1 f5 26. g3 fxg3 27. hxg3
Rxg3 28. Rxg3 Rxg3 29. Kf2 Rg5 30. f4 Rg4 31. Ke3 a5 32. Kd4 Rxf4+ 33. Ke5 Rg4
34. Kxe6 f4 35. Rh1 Rg7 36. Ke5 f3 37. Kd4 Rf7 38. c3 f2 39. Rf1 Rf4+ 40. Ke3
Rf6 41. Rh1 d4+ 42. cxd4 Bxh1 43. Bf1 h5 44. b4 axb4 45. axb4 h4 46. b5 h3 47.
Ke2 h2 48. Bh3 Bd5 49. b6 h1=Q 0-1

[Event "AUTO-OPEN-4091"]
[Site "http://www.queenalice.com/game.php?id=1607202"]
[Date "2020.4.12"]
[Round "2"]
[White "Bigchess"]
[Black "Brianb68"]
[Result "0-1"]
[WhiteElo "1737"]
[BlackElo "1904"]

1. e4 c5 2. Nf3 Nc6 3. d3 d6 4. Be2 Nf6 5. Be3 Bg4 6. Nc3 e6 7. h3 Bxf3 8. Bxf3
Be7 9. Ne2 O-O 10. Ng3 a6 11. O-O Rc8 12. c3 b5 13. a3 a5 14. Rb1 Qc7 15. d4 c4
16. Re1 Rfd8 17. Qe2 d5 18. e5 Nd7 19. Bg4 b4 20. axb4 axb4 21. f4 Bh4 22. Qf3
b3 23. f5 Nf8 24. fxe6 Nxe6 25. Nf5 Bxe1 26. Rxe1 Ra8 27. Nd6 Rf8 28. Qg3 Ra2
29. Re2 Qa5 30. Bf3 Ra1+ 31. Kh2 Rb1 32. Nxc4 Qa1 33. Qf2 Ncxd4 34. cxd4 dxc4
35. Bd5 Rf1 0-1

[Event "AUTO-OPEN-4091"]
[Site "http://www.queenalice.com/game.php?id=1607203"]
[Date "2020.4.12"]
[Round "2"]
[White "Brianb68"]
[Black "Bigchess"]
[Result "0-1"]
[WhiteElo "1930"]
[BlackElo "1800"]

1. Nf3 d5 2. d4 e6 3. c4 Nf6 4. Nc3 Be7 5. Bg5 dxc4 6. e3 Nc6 7. Bxc4 Nd5 8.
Bxe7 Ndxe7 9. O-O Ng6 10. Re1 O-O 11. a3 a6 12. Rc1 b5 13. Bd3 Bb7 14. Be4 Rb8
15. b4 Nce7 16. Bb1 Nd5 17. Qc2 f5 18. Nxd5 Bxd5 19. Qxc7 Qf6 20. Qg3 Rbc8 21.
h3 f4 22. Qg5 Rxc1 23. Rxc1 Bxf3 24. Qxf6 Rxf6 25. gxf3 fxe3 26. fxe3 Rxf3 27.
e4 Rxa3 28. Rc8+ Kf7 29. Rc7+ Kf8 30. Bc2 Rxh3 31. Rc6 Nf4 32. Rxa6 Rh5 33. Ra8+
Kf7 34. Ra7+ Kf8 35. Bd1 Rg5+ 36. Kf1 Nd3 37. Bb3 Nxb4 38. Bxe6 Nc6 39. Rf7+ Ke8
40. Rd7 b4 41. Kf2 Rb5 42. Bc4 Rb6 43. Rd5 b3 0-1

[Event "AUTO-OPEN-4091"]
[Site "http://www.queenalice.com/game.php?id=1607208"]
[Date "2020.4.12"]
[Round "2"]
[White "Brianb68"]
[Black "Ahlkhanvio"]
[Result "0-1"]
[WhiteElo "1932"]
[BlackElo "2593"]

1. Nf3 d5 2. d4 Nf6 3. c4 dxc4 4. Nc3 a6 5. a4 Nc6 6. e3 Na5 7. Be2 g6 8. O-O
Bg7 9. Bd2 O-O 10. e4 Nb3 11. Rb1 Nxd4 12. Be3 Nxe2+ 13. Qxe2 Qd3 14. e5 Qxe2
15. Nxe2 Nd5 16. Bd4 Bg4 17. Nc3 Rfd8 18. Nd2 Bf5 19. Rbc1 Bd3 20. Rfe1 Nxc3 21.
bxc3 Rd5 22. Nf3 Rad8 23. h3 e6 24. Ra1 b5 25. axb5 axb5 26. Ra7 c5 27. Ng5 cxd4
28. Nxf7 R8d7 29. Rxd7 Rxd7 0-1

[Event "AUTO-OPEN-4091"]
[Site "http://www.queenalice.com/game.php?id=1607209"]
[Date "2020.4.12"]
[Round "2"]
[White "Ahlkhanvio"]
[Black "Brianb68"]
[Result "1-0"]
[WhiteElo "2591"]
[BlackElo "1902"]

1. d4 d5 2. c4 Nf6 3. cxd5 Nxd5 4. Nf3 Nc6 5. e4 Nb6 6. d5 Nb8 7. Nc3 Bg4 8. Bf4
a6 9. h3 Bxf3 10. Qxf3 N8d7 11. Be2 g6 12. Qg3 Rc8 13. a4 Bg7 14. a5 Na8 15. O-O
O-O 16. Rfd1 Nc5 17. Qe3 Nd7 18. e5 Re8 19. e6 Nf6 20. exf7+ Kxf7 21. Bc4 Kf8
22. Qf3 b5 23. axb6 cxb6 24. Bxa6 Rc5 25. Bb7 1-0

[Event "AUTO-INT-3461"]
[Site "http://www.queenalice.com/game.php?id=1608320"]
[Date "2020.4.19"]
[Round "2"]
[White "dazzeechain"]
[Black "Brianb68"]
[Result "1-0"]
[WhiteElo "1932"]
[BlackElo "1917"]

1. e4 c5 2. Nf3 Nc6 3. Bb5 Nd4 4. Nxd4 cxd4 5. d3 e5 6. O-O Nf6 7. f4 exf4 8.
Bxf4 Be7 9. Nd2 O-O 10. Be5 Qb6 11. Bxf6 Bxf6 12. Bc4 d6 13. Nb3 Be6 14. Bxe6
fxe6 15. Kh1 Be5 16. Qg4 Rfe8 17. Rf3 Bf6 18. Rxf6 1-0

[Event "AUTO-INT-3461"]
[Site "http://www.queenalice.com/game.php?id=1608321"]
[Date "2020.4.19"]
[Round "2"]
[White "Brianb68"]
[Black "dazzeechain"]
[Result "0-1"]
[WhiteElo "1928"]
[BlackElo "1962"]

1. Nf3 e6 2. d4 d5 3. c4 c6 4. Nc3 Nf6 5. Bg5 Be7 6. e3 h6 7. Bxf6 Bxf6 8. Be2
O-O 9. O-O Nd7 10. c5 e5 11. b4 e4 12. Nd2 Bg5 13. a4 f5 14. b5 Qa5 15. Qc2 f4
16. Nb3 Qc7 17. Qd2 Nf6 18. a5 Bg4 19. b6 axb6 20. axb6 fxe3 21. fxe3 Qd7 22.
Rxa8 Rxa8 23. Na1 Bxe2 24. Qxe2 Ra3 25. Qd2 Ng4 26. Nc2 Rb3 27. h3 Nf6 28. Na1
Ra3 29. Nc2 Rb3 30. Na1 Rb4 31. Qe1 Rb2 32. Qc1 Rb4 33. Nc2 Rc4 34. Qe1 Nh5 35.
Na3 Rb4 36. Nxe4 Rb3 37. Nxg5 hxg5 38. Qd1 Rxa3 39. Qxh5 Qe7 40. Kh2 Rxe3 41.
Rf5 Re4 42. Rxg5 Qf6 43. Rf5 Qe7 44. Re5 Rxe5 45. Qxe5 Qf7 46. Kg3 Qg6+ 47. Kf3
Qd3+ 48. Kf4 Qf1+ 0-1

[Event "AUTO-INT-3461"]
[Site "http://www.queenalice.com/game.php?id=1608324"]
[Date "2020.4.19"]
[Round "2"]
[White "Brianb68"]
[Black "byyonico"]
[Result "1-0"]
[WhiteElo "1930"]
[BlackElo "1558"]

1. Nf3 d5 2. d4 Nf6 3. c4 c6 4. Nc3 Bg4 5. e3 Ne4 6. Be2 Nxc3 7. bxc3 e6 8. O-O
Be7 9. c5 O-O 10. c4 Nd7 11. cxd5 cxd5 12. Bd2 Nf6 13. Ne5 Bf5 14. a3 Ne4 15. a4
a5 16. Bb5 Qc7 17. Nd7 Rfd8 18. Nb6 Ra7 19. Qe1 Nxd2 20. Qxd2 h6 21. Rac1 Bf6
22. Rfe1 g5 23. Bd3 Bh7 24. Qc2 Bxd3 25. Qxd3 Ra6 26. Qe2 Bg7 27. Rb1 f5 28. h3
Qc6 29. Qc2 Kf7 30. Rb5 Rc8 31. Nxc8 Qxc8 32. Reb1 Bf8 33. Rxb7+ Kf6 34. Qe2 Qc6
35. Qh5 Be7 36. Qxh6+ Kf7 37. Qh7+ Kf8 38. Qxe7+ 1-0

[Event "AUTO-INT-3461"]
[Site "http://www.queenalice.com/game.php?id=1608325"]
[Date "2020.4.19"]
[Round "2"]
[White "byyonico"]
[Black "Brianb68"]
[Result "0-1"]
[WhiteElo "1573"]
[BlackElo "1909"]

1. c4 c5 2. Nc3 Nc6 3. e4 d6 4. Nf3 Bg4 5. Be2 Nf6 6. Nd5 e6 7. Nc3 Be7 8. O-O
O-O 9. Qc2 e5 10. Re1 Bxf3 11. Bxf3 Nd4 12. Qd3 a6 13. Nd5 Re8 14. Nxe7+ Qxe7
15. Qc3 b5 16. d3 Nxf3+ 17. gxf3 Qd7 18. Bg5 Nh5 19. Kf1 Qh3+ 20. Ke2 h6 21. Be3
Qh4 22. Rg1 Nf4+ 23. Kf1 Qh3+ 24. Ke1 b4 25. Qd2 Qxh2 26. Rf1 Qh3 27. Qd1 Ng2+
28. Ke2 Qh4 29. Rh1 Qf6 30. Bd2 Nf4+ 31. Bxf4 Qxf4 32. Qg1 Re6 33. Qg4 Qxg4 34.
fxg4 a5 35. a3 b3 36. Rh5 a4 37. Rf1 Rg6 38. Rh4 Re6 39. f4 exf4 40. Rxf4 g5 41.
Rh5 gxf4 42. Rf5 Rg6 43. Rxf4 Re8 44. Kf3 f6 45. Rf5 Re5 46. Rxe5 fxe5 47. Kg3
h5 48. Kh4 hxg4 49. Kg3 Kg7 50. Kg2 Kh6 51. Kg3 Kg5 52. Kf2 Rf6+ 53. Kg2 Rf3 54.
Kh2 Rxd3 55. Kg2 Kf4 56. Kf2 Rd2+ 57. Ke1 Rxb2 58. Kd1 Kxe4 59. Kc1 Rc2+ 60. Kb1
g3 0-1

[Event "AUTO-INT-3463"]
[Site "http://www.queenalice.com/game.php?id=1612208"]
[Date "2020.5.14"]
[Round "3"]
[White "CERVERO"]
[Black "Brianb68"]
[Result "0-1"]
[WhiteElo "1788"]
[BlackElo "1924"]

1. e4 c5 2. Nc3 d6 3. Bc4 e6 4. Nf3 Be7 5. d3 Nf6 6. O-O Nc6 7. Bg5 O-O 8. a3 a6
9. Ne2 e5 10. Re1 Bg4 11. Ng3 Nd4 12. c3 Nxf3+ 13. gxf3 Bh3 14. d4 h6 15. Bxf6
Bxf6 16. d5 b5 17. Bf1 Bd7 18. Qc2 Bg5 19. Qe2 Bf4 20. Qc2 Qg5 21. Bg2 c4 22.
Qe2 f5 23. exf5 Bxf5 24. Nxf5 Rxf5 25. h3 Rf6 26. Kh1 Rg6 27. Rg1 Rf8 28. Rad1
Rf5 29. Qf1 Qh5 30. Re1 Rfg5 31. Rd1 Rxg2 32. Rxg2 Qxh3+ 33. Kg1 Qh2# 0-1

[Event "AUTO-INT-3463"]
[Site "http://www.queenalice.com/game.php?id=1612209"]
[Date "2020.5.14"]
[Round "3"]
[White "Brianb68"]
[Black "CERVERO"]
[Result "1-0"]
[WhiteElo "1913"]
[BlackElo "1795"]

1. Nf3 d5 2. d4 Nf6 3. c4 e6 4. Nc3 Bb4 5. e3 Ne4 6. Qc2 c5 7. a3 Bxc3+ 8. bxc3
O-O 9. Bd3 cxd4 10. cxd4 Nf6 11. O-O Nc6 12. Bd2 h6 13. Rfb1 Rb8 14. cxd5 exd5
15. Bb5 Bd7 16. h3 a6 17. Bd3 b5 18. a4 Na7 19. Ne5 Rc8 20. Qa2 Be6 21. axb5
Nxb5 22. Bxb5 axb5 23. Rxb5 Qe7 24. Bb4 1-0